Responses for Show #1741 - Monday, March 9, 1992

Contestants

[<< previous game]

Bernard McGrath, a freelance editor from Philadelphia, Pennsylvania

Bob Zeigler, an attorney from Indianapolis, Indiana

Ann Wright, an immunologist from Agua Dulce, California (whose 2-day cash winnings total $10,900)

Jeopardy! Round responses

PAPER
CRIMINAL NICKNAMES
SINGERS
PSYCH 101
JUST DESSERTS
"P"s & "Q"s
(Alex: Each of the correct responses will begin with one, the other or perhaps both of those letters of the alphabet.)
    $100 2
papyrus

Bob
    $100 15
Butch Cassidy & the Sundance Kid

Bernard
    $100 1
Billy Idol

Bob
    $100 12
an inferiority complex

Bernard
    $100 19
cookie

Ann
    $100 8
prima

Ann
    $200 3
origami

Ann
    $200 26
"Machine Gun"

Bob
    $200 4
Michael Jackson

Ann
    $200 13
a phobia

Ann
    $200 20
chocolate

Bernard
    $200 9
(Bernard: What's a reprieve?)
---
(Alex: Has to begin with "p" or "q".)

pardon

AnnBernard
    $300 22
(Alex: We have a minute to go.)

Spain

Bob
    $300 21
"Legs"

Bob
    $300 5
Wilson Phillips

Ann
    $300 16
a lobe

Bernard
    $300 28
cannoli

Ann
    $300 10
queen size

Ann
    $400 23
a watermark

Triple Stumper
    $400 18
(Bernard: Who is the Hillside Strangler?)

the Night Stalker

AnnBernard
    $400 6
Jimmy Dean

Ann
    $500 17
(Bernard: What's an enzyme?)

a placebo

Bernard
    $400 11
(Bob: Who is Neptune?)
...
(Alex: This time Bob forgot the category.)

Poseidon

BobBernard
    $500 24
Canada

Bob
    $500 27
(Alex: Number 1 on America's Most Wanted List at one time, [*].)

Alvin Karpis

Triple Stumper
    $500 7
Randy Travis

Triple Stumper
    $500 25
projection

Bernard
    $500 14
(Bernard: [no answer, shakes head].)

the primrose path

Bernard
Triple Stumper

Scores at the first commercial break (after clue 15):

Ann Bob Bernard
$1,900 -$200 -$100

Scores at the end of the Jeopardy! Round:

Ann Bob Bernard
$2,700 $1,100 $0

Double Jeopardy! Round responses

THE LOW COUNTRIES
1966
BRITISH NOVELS
EARTH SCIENCE
WARS
DOGS
    $200 2
Antwerp

Ann
    $200 20
Ralph Nader

Bob
    $200 3
Henry Fielding

Bernard
    $200 13
Saudi Arabia

Bernard
    $200 1
the Korean War

Bob
    $200 22
a dalmatian

Ann
    $400 8
(Bernard: What is Amsterdam?)
(Ann: What is The Hague?)
(Bob: What is Rotterdam?)
...
(Alex: The fun part of the clue is "the big cheese", and we were referring to [*]. Bernard, you pick again. No harm, no foul on that one. You each lost the same amount of money.)

Gouda

AnnBobBernard
Triple Stumper
    $400 24
George Wallace

Bob
    $400 4
(Joseph) Conrad

Ann
    $400 14
a volcano

Bob
    $400 9
the Hundred Years' War

Bob
    $400 23
(Alex: You are right, and we have a minute to go.)

a bulldog

Bob
    $600 16
a spa

Bob
    $600 25
Brezhnev

Ann
    $600 5
Brave New World

Bernard
    $600 15
(Ann: What is neon?)
(Bob: What is acetylene?)

argon

AnnBob
Triple Stumper
    $600 10
the Punic War

Bernard
    $3,000 28
a shar pei

Ann
    $800 19
Amsterdam

Bernard
    $800 26
the Peace Corps

Bob
    $800 6
The Odessa File

Bernard
    $800 17
the 180th

Bob
    $800 11
Santa Anna

Triple Stumper
    $1000 21
(Bob: What is a duke?)
(Alex: Be more specific.)
(Bob: What is [*]?)

a grand duke

Bob
    $1000 27
the poll tax

Ann
    $1000 7
Ivanhoe

Bernard
    $1,500 18
the Van Allen belts

Bob
    $1000 12
June

Bernard
    $1000 29
(Bob: What is a shih tzu?)
...
(Alex: The national dog of Japan, [*].)

the akita

Bob
Triple Stumper

Scores at the end of the Double Jeopardy! Round:

Ann Bob Bernard
$7,100 $5,800 $4,800

[wagering suggestions for these scores]

Final Jeopardy! Round responses

THE U.S.A.
(Alex: [To Bernard] Utah is number 3.)
...
(Alex: [To Bob] California has five national parks, or, six national parks, and it is in second place.)
...
(Alex: The correct response is, "What is [*]?" The largest state, lot of room, people concerned about preservation.)
BernardWhat is Utah?
$4,799
BobWhat is Calif?
$5,700
AnnWhat is California
$5,000
Alaska

Final scores:

Ann Bob Bernard
$2,100 $100 $1
3-day champion: $13,000 2nd place: trip to Seoul, Korea 3rd place: Sanyo stereo + Nintendo Entertainment System and games

Game dynamics:

Coryat scores:

Ann Bob Bernard
$4,700 $5,300 $5,300
17 R
(including 1 DD),
2 W
17 R
(including 1 DD),
4 W
14 R,
5 W
(including 1 DD)

Combined Coryat: $15,300

[game] [game scores] [suggest correction]

Game tape date: 1991-12-03
The J! Archive is created by fans, for fans. Scraping, republication, monetization, and malicious use prohibited; this site may use cookies and collect identifying information. See terms. The Jeopardy! game show and all elements thereof, including but not limited to copyright and trademark thereto, are the property of Jeopardy Productions, Inc. and are protected under law. This website is not affiliated with, sponsored by, or operated by Jeopardy Productions, Inc. Join the discussion at JBoard.tv.